[Event "HUN-chT2 Toth 1516"]
[Site "Hungary"]
[Date "2015.11.08"]
[Round "4.5"]
[White "Nagy Dani, Karoly"]
[Black "Nagy, Sandor"]
[Result "1/2-1/2"]
[WhiteElo "1883"]
[BlackElo "2105"]
[PlyCount "44"]
[EventDate "2015.09.13"]
[EventType "team-tourn"]
[EventRounds "11"]
[EventCountry "HUN"]
[SourceTitle "CBM 170 Extra"]
[Source "ChessBase"]
[SourceDate "2016.02.25"]
[SourceVersion "1"]
[SourceVersionDate "2016.02.25"]
[SourceQuality "1"]
[WhiteTeam "Roszke"]
[BlackTeam "Gyula"]
[WhiteTeamCountry "HUN"]
[BlackTeamCountry "HUN"]

1. d4 Nf6 2. Nf3 g6 3. c4 Bg7 4. Nc3 0-0 5. e4 d6 6. Be2 Nbd7 7. Qc2 c6 8. 0-0 Qc7 9. b4 e5 10. dxe5 dxe5 11. Bb2 Re8 12. c5 Nf8 13. Bc4 Be6 14. Ne2 Nh5 15. Rad1 a5 16. a3 b5 17. Bxe6 Nxe6 18. Bc3 axb4 19. axb4 Rad8 20. Ra1 Nhf4 21. Nxf4 Nxf4 22. Rfd1 f6 1/2-1/2

[Event "HUN-chT2 Toth 1415"]
[Site "Hungary"]
[Date "2014.11.16"]
[Round "4.1"]
[White "Simonyi, Zoltan"]
[Black "Nagy, Sandor"]
[Result "1-0"]
[WhiteElo "2284"]
[BlackElo "2124"]
[PlyCount "117"]
[EventDate "2014.09.07"]
[EventType "team-tourn"]
[EventRounds "11"]
[EventCountry "HUN"]
[SourceTitle "EXT 2016"]
[Source "ChessBase"]
[SourceDate "2015.10.08"]
[SourceVersion "1"]
[SourceVersionDate "2015.10.08"]
[SourceQuality "1"]
[WhiteTeam "Ujszasz"]
[BlackTeam "Gyula"]
[WhiteTeamCountry "HUN"]
[BlackTeamCountry "HUN"]

1. d4 Nf6 2. c4 c5 3. Nf3 cxd4 4. Nxd4 Nc6 5. Nc3 g6 6. Nc2 Bg7 7. e4 0-0 8. Be2 d6 9. 0-0 Bd7 10. Kh1 Ne8 11. Bd2 Rc8 12. f4 f5 13. Bd3 Nd4 14. Rc1 e6 15. Qe1 Nc7 16. Be3 Nxc2 17. Rxc2 b6 18. Qd2 Bc6 19. exf5 exf5 20. Rd1 Qe7 21. Bf2 Rcd8 22. Qc1 Rfe8 23. Kg1 Kh8 24. Bf1 d5 25. cxd5 Nxd5 26. Nxd5 Bxd5 27. Rc7 Qb4 28. Rxa7 Qxb2 29. Qc7 Rc8 30. Qxb6 Qxb6 31. Bxb6 Be6 32. a4 Bh6 33. Bb5 Rf8 34. g3 Rc2 35. a5 Bg7 36. Re7 Bc8 37. Bf1 Ra2 38. Bc4 Rc2 39. Bd5 Ba6 40. Ra7 Be2 41. Rb1 Rd2 42. Bg2 Rb8 43. Ra8 Rxa8 44. Bxa8 Ba6 45. Bg2 Ra2 46. Bd5 Rd2 47. Bf3 Ra2 48. Rd1 Bc3 49. Rd7 Ra1+ 50. Kf2 Be1+ 51. Kg2 Bf1+ 52. Kg1 Bc3 53. Rd1 Rxd1 54. Bxd1 Ba6 55. Kf2 Kg7 56. Be2 Bb7 57. a6 Bxa6 58. Bxa6 Kf6 59. Bd8+ 1-0

[Event "HUN-chT2 Toth 0809"]
[Site "Hungary"]
[Date "2009.04.05"]
[Round "10.1"]
[White "Papp, Balazs"]
[Black "Nagy, Sandor"]
[Result "1-0"]
[WhiteElo "2090"]
[BlackElo "2132"]
[PlyCount "85"]
[EventDate "2008.10.26"]
[EventType "team-tourn"]
[EventRounds "11"]
[EventCountry "HUN"]
[SourceTitle "EXT 2010"]
[Source "ChessBase"]
[SourceDate "2010.11.25"]
[SourceVersion "1"]
[SourceVersionDate "2010.11.25"]
[SourceQuality "1"]
[WhiteTeam "Maroczy II"]
[BlackTeam "Mezobereny"]
[WhiteTeamCountry "HUN"]
[BlackTeamCountry "HUN"]

1. d4 Nf6 2. c4 c5 3. d5 b5 4. cxb5 a6 5. bxa6 Bxa6 6. Nc3 d6 7. f4 g6 8. Nf3 Bg7 9. e4 Bxf1 10. Rxf1 0-0 11. e5 Nfd7 12. e6 fxe6 13. Ng5 Qa5 14. Nxe6 Rf7 15. Ng5 Rf5 16. Bd2 Na6 17. Qe2 Nb4 18. Qe6+ Kh8 19. Qxd7 Nc2+ 20. Kf2 Nxa1 21. Rxa1 Qa7 22. Qxa7 Rxa7 23. Ne6 h5 24. a4 Bxc3 25. Bxc3+ Kg8 26. a5 Rxd5 27. a6 Rf5 28. Kg3 Kf7 29. Nc7 Rxc7 30. a7 Rxa7 31. Rxa7 Ke6 32. h3 Rf7 33. Ra4 Kd5 34. Kh4 c4 35. g3 Rf8 36. Kg5 Rc8 37. Ra7 Ke6 38. Kxg6 Rg8+ 39. Bg7 d5 40. f5+ Kd6 41. Kf7 Rb8 42. Rxe7 Rb3 43. Be5+ 1-0

[Event "HUN-chT2 Toth 0809"]
[Site "Hungary"]
[Date "2009.03.08"]
[Round "9"]
[White "Nagy, Sandor"]
[Black "Vicsai, Gabor"]
[Result "1/2-1/2"]
[WhiteElo "2132"]
[BlackElo "2502"]
[PlyCount "35"]
[EventDate "2008.10.26"]
[EventType "team-tourn"]
[EventRounds "11"]
[EventCountry "HUN"]
[SourceTitle "EXT 2010"]
[Source "ChessBase"]
[SourceDate "2010.11.25"]
[SourceVersion "1"]
[SourceVersionDate "2010.11.25"]
[SourceQuality "1"]
[WhiteTeam "Mezobereny"]
[BlackTeam "Mako II"]
[WhiteTeamCountry "HUN"]
[BlackTeamCountry "HUN"]

1. d4 d5 2. c4 e6 3. Nc3 c5 4. cxd5 exd5 5. Nf3 Nc6 6. g3 Nf6 7. Bg2 Be7 8. 0-0 0-0 9. Bg5 cxd4 10. Nxd4 h6 11. Be3 Re8 12. Qc1 Ne5 13. Rd1 Be6 14. Qc2 Nc4 15. Bf4 Rc8 16. b3 Na3 17. Qd3 Bb4 18. Rac1 1/2-1/2

[Event "HUN-chT2 Toth 0809"]
[Site "Hungary"]
[Date "2009.01.25"]
[Round "6.1"]
[White "Soos, Arpad"]
[Black "Nagy, Sandor"]
[Result "1-0"]
[WhiteElo "2395"]
[BlackElo "2132"]
[PlyCount "111"]
[EventDate "2008.10.26"]
[EventType "team-tourn"]
[EventRounds "11"]
[EventCountry "HUN"]
[SourceTitle "EXT 2010"]
[Source "ChessBase"]
[SourceDate "2010.11.25"]
[SourceVersion "1"]
[SourceVersionDate "2010.11.25"]
[SourceQuality "1"]
[WhiteTeam "Toth Laszlo"]
[BlackTeam "Mezobereny"]
[WhiteTeamCountry "HUN"]
[BlackTeamCountry "HUN"]

1. e4 e6 2. d4 d5 3. e5 c5 4. c3 Nc6 5. Nf3 Qb6 6. a3 c4 7. Nbd2 Bd7 8. b3 cxb3 9. Nxb3 Na5 10. Nxa5 Qxa5 11. Bd2 Qa4 12. Qb1 Rb8 13. Bd3 h6 14. 0-0 Ne7 15. Rc1 b5 16. c4 dxc4 17. Bxc4 Rc8 18. Bb3 Rxc1+ 19. Bxc1 Qa6 20. Bd2 Qb7 21. Bb4 Bc6 22. Qd1 Nd5 23. Bxf8 Kxf8 24. Rc1 Ke7 25. Qc2 Kd7 26. Kf1 Nf4 27. g3 Bxf3 28. gxf4 g6 29. f5 gxf5 30. d5 Be4 31. Qc5 Qb6 32. dxe6+ fxe6 33. Rd1+ Bd5 34. Qxb6 axb6 35. Bxd5 exd5 36. Rxd5+ Kc6 37. Rd6+ Kc5 38. Ke2 Ra8 39. Rd3 b4 40. axb4+ Kxb4 41. Ke3 Kc4 42. Rd4+ Kc5 43. Rd7 Ra4 44. f3 f4+ 45. Kd3 b5 46. Rd8 b4 47. e6 Ra3+ 48. Ke4 b3 49. e7 b2 50. Rb8 Re3+ 51. Kxf4 Rxe7 52. Rxb2 Rg7 53. Rd2 Rf7+ 54. Kg3 Rg7+ 55. Kf2 Rg5 56. f4 1-0

[Event "HUN-chT2 Toth 0809"]
[Site "Hungary"]
[Date "2008.12.21"]
[Round "4.1"]
[White "Ardelean, George Catalin"]
[Black "Nagy, Sandor"]
[Result "1-0"]
[WhiteElo "2233"]
[BlackElo "2132"]
[PlyCount "143"]
[EventDate "2008.10.26"]
[EventType "team-tourn"]
[EventRounds "11"]
[EventCountry "HUN"]
[SourceTitle "EXT 2010"]
[Source "ChessBase"]
[SourceDate "2010.11.25"]
[SourceVersion "1"]
[SourceVersionDate "2010.11.25"]
[SourceQuality "1"]
[WhiteTeam "Karcag"]
[BlackTeam "Mezobereny"]
[WhiteTeamCountry "HUN"]
[BlackTeamCountry "HUN"]

1. e4 e6 2. d4 d5 3. Nc3 Bb4 4. e5 c5 5. Bd2 Bxc3 6. Bxc3 Qc7 7. dxc5 Qxc5 8. Qg4 g6 9. Qf4 Nc6 10. 0-0-0 b5 11. Nf3 b4 12. Bd4 Nxd4 13. Nxd4 Bd7 14. Kb1 a5 15. h4 h5 16. Rh3 Ne7 17. Be2 Nf5 18. Nxf5 exf5 19. Qd4 Rc8 20. Rd2 Qxd4 21. Rxd4 Rc5 22. a3 bxa3 23. Rxa3 Ke7 24. f4 Rhc8 25. Bd3 Rb8 26. Kc1 Bc6 27. Ra2 Kd8 28. Kd2 Kc7 29. g3 Bd7 30. c3 Be6 31. b4 axb4 32. Rxb4 Rc8 33. Ra3 Kd8 34. Be2 R8c7 35. Rb8+ Ke7 36. Bd3 Bd7 37. Be2 Be6 38. Kd3 Bd7 39. Kd4 Be6 40. Bb5 Bd7 41. Bd3 Be6 42. Rb4 R5c6 43. Be2 Rc8 44. Rb7+ Kf8 45. Bb5 Rc5 46. Rb3 Kg8 47. Ra7 Kf8 48. Rb7 Kg8 49. Rb6 Kf8 50. Ba6 R8c7 51. Rb8+ Kg7 52. Ra8 f6 53. exf6+ Kxf6 54. Bd3 R7c6 55. Ra6 Rxa6 56. Bxa6 Rc6 57. Bd3 Ke7 58. Rb7+ Kf6 59. Bb5 Rc8 60. Rb6 Ke7 61. Ke5 Bf7 62. Rb7+ Kf8 63. Kf6 Be8 64. Rh7 Kg8 65. Rg7+ Kf8 66. Bxe8 Rxe8 67. Rc7 Kg8 68. Kxg6 Re6+ 69. Kxh5 Re3 70. Kg6 Rxg3+ 71. Kxf5 Rh3 72. h5 1-0

[Event "HUN-chT2 Toth 0809"]
[Site "Hungary"]
[Date "2008.11.02"]
[Round "2.1"]
[White "Miron, Lucian Costin"]
[Black "Nagy, Sandor"]
[Result "1-0"]
[WhiteElo "2437"]
[BlackElo "2132"]
[PlyCount "79"]
[EventDate "2008.10.26"]
[EventType "team-tourn"]
[EventRounds "11"]
[EventCountry "HUN"]
[SourceTitle "EXT 2010"]
[Source "ChessBase"]
[SourceDate "2010.11.25"]
[SourceVersion "1"]
[SourceVersionDate "2010.11.25"]
[SourceQuality "1"]
[WhiteTeam "Roszke"]
[BlackTeam "Mezobereny"]
[WhiteTeamCountry "HUN"]
[BlackTeamCountry "HUN"]

1. d4 Nf6 2. c4 c5 3. d5 b5 4. cxb5 a6 5. bxa6 Bxa6 6. Nc3 d6 7. Nf3 Nbd7 8. g3 g6 9. Bg2 Bg7 10. Rb1 0-0 11. 0-0 Qa5 12. Bd2 Rfb8 13. Qc2 Qc7 14. b3 Nb6 15. Nh4 Ng4 16. h3 Nf6 17. Rfe1 Nfd7 18. Kh2 Bf6 19. Red1 Bxh4 20. gxh4 Nf6 21. Bg5 Nbd7 22. Bc1 Rb4 23. e4 Rc8 24. a3 Rd4 25. f4 Qa5 26. b4 Qc7 27. b5 Bb7 28. Be3 Rxd1 29. Nxd1 Qa5 30. a4 Nb6 31. Ra1 Qb4 32. Bd2 Qc4 33. Qxc4 Nxc4 34. Bc3 Nh5 35. a5 Nxf4 36. Bf1 Ne5 37. a6 Ba8 38. b6 Rb8 39. b7 Bxb7 40. Rb1 1-0

[Event "HUN-chT2 Toth 0708"]
[Site "Hungary"]
[Date "2008.04.27"]
[Round "10"]
[White "Nagy, Sandor"]
[Black "Nemeth, Antal"]
[Result "1/2-1/2"]
[WhiteElo "2158"]
[BlackElo "2228"]
[PlyCount "60"]
[EventDate "2007.10.14"]
[EventType "team"]
[EventRounds "11"]
[EventCountry "HUN"]
[SourceTitle "EXT 2009"]
[Source "ChessBase"]
[SourceDate "2008.11.26"]
[SourceVersion "1"]
[SourceVersionDate "2008.11.26"]
[SourceQuality "1"]
[WhiteTeam "Mezobereny"]
[BlackTeam "Bajai"]
[WhiteTeamCountry "HUN"]
[BlackTeamCountry "HUN"]

1. d4 Nf6 2. c4 c5 3. d5 b5 4. Nc3 b4 5. Nb1 d6 6. Qc2 g6 7. e4 Bg7 8. h4 h6 9. Be2 Na6 10. Nd2 Nc7 11. Rb1 a5 12. a4 b3 13. Qxb3 Bd7 14. Qd1 Na6 15. b3 Rb8 16. Bb2 0-0 17. g4 e5 18. f3 Ne8 19. Bd3 f5 20. exf5 gxf5 21. gxf5 Bxf5 22. Bxf5 Rxf5 23. Qc2 Rf4 24. Ne2 Rxh4 25. Rg1 Rh2 26. Qg6 Nb4 27. Bc3 Qh4+ 28. Ng3 Qf4 29. Ngf1 Qh4+ 30. Kd1 Rh1 1/2-1/2

[Event "HUN-chT2 Toth 0708"]
[Site "Hungary"]
[Date "2007.11.11"]
[Round "2"]
[White "Nagy, Sandor"]
[Black "Mamuzic, Mirko"]
[Result "0-1"]
[WhiteElo "2146"]
[BlackElo "2260"]
[PlyCount "39"]
[EventDate "2007.10.14"]
[EventType "team"]
[EventRounds "11"]
[EventCountry "HUN"]
[SourceTitle "EXT 2009"]
[Source "ChessBase"]
[SourceDate "2008.11.26"]
[SourceVersion "1"]
[SourceVersionDate "2008.11.26"]
[SourceQuality "1"]
[WhiteTeam "Mezobereny"]
[BlackTeam "Roszke"]
[WhiteTeamCountry "HUN"]
[BlackTeamCountry "HUN"]

1. d4 Nf6 2. c4 c5 3. d5 e6 4. Nc3 exd5 5. cxd5 d6 6. e4 g6 7. h4 Bg7 8. Be2 h5 9. Bg5 Qa5 10. Qc2 a6 11. Bf4 Qd8 12. a4 Qe7 13. f3 Nbd7 14. Nh3 Ne5 15. Nf2 Rb8 16. Nd3 Nxd3+ 17. Bxd3 Nd7 18. Bg5 f6 19. Be3 Qe5 20. Be2 0-1